banner-ar

تاريخ الحرب البيلوبونيزية : (Record no. 8245)

MARC details
000 -الفاتح
حقل البيانات ثابتة الطول 00894nam a2200241Ia 4500
008 - عناصر البيانات ثابتة الطول - معلومات عامة
حقل البيانات ثابتة الطول 140319s9999 xx 000 0 ara d
040 ## - مصدر الفهرسة
وكالة الفهرسة الأصلية GCL /
وكالة النسخ GCL
082 04 - رقم تصنيف ديوى العشرى
رقم التصنيف 938.05
رقم المادة ث ت
100 1# - المدخل الرئيسى - إسم شخصى
الإسم الشخصى ثيوسيديديس
245 10 - بيان العنوان
العنوان تاريخ الحرب البيلوبونيزية :
بقية العنوان لثوسيديديس الاثينى (توفى بعد 400 ق.م ) /
بيان المسئوليه,etc ثيوسيديديس
700 1# - المدخل الاضافى - اسم شخصى
الإسم الشخصى دينا الملاح
700 1# - المدخل الاضافى - اسم شخصى
الإسم الشخصى عمرو الملاح
250 ## - بيان الطبعة
بيان الطبعة الاولى
260 ## - PUBLICATION, DISTRIBUTION, ETC. (IMPRINT)
تاريخ النشر أو التوزيع 2003
300 ## - الوصف المادى
التعداد 726 ص ؛
أبعاد الوعاء 24 سم
650 04 - المدخل الاضافى بالموضوع-مصطلح موضوعى
مصطلح موضوعي اليونان
650 04 - المدخل الاضافى بالموضوع-مصطلح موضوعى
مصطلح موضوعي الحضارة الاغريقية
650 04 - المدخل الاضافى بالموضوع-مصطلح موضوعى
مصطلح موضوعي اليونان - تاريخ
650 04 - المدخل الاضافى بالموضوع-مصطلح موضوعى
مصطلح موضوعي الحرب البيلوبونيزية
650 04 - المدخل الاضافى بالموضوع-مصطلح موضوعى
مصطلح موضوعي اليونان القديمة - تاريخ - الحرب البيلوبونيزية
942 ## - عناصر المدخل الإضافي( كوها)
مصدر التصنيف او مخطط الترفيف Dewey Decimal Classification
Koha [default] item type كتاب
260 ## - PUBLICATION, DISTRIBUTION, ETC. (IMPRINT)
-- الامارات :
-- المجمع الثقافى ،
Holdings
حالة التراجع حالة الفقد حالة تلف ليس للاعارة المكان المؤقت الموقع الحالى تاريخ الاكتساب اجمالي اﻻعارات رقم الطلب الباركود تاريخ اخر مشاهدة تاريخ تفعيل السعر نوع وعاء كوها
        مكتبة القاهرة الكبرى مكتبة القاهرة الكبرى 03/26/2014   938.05\ث ت 17126 03/26/2014 03/26/2014 كتاب
        مكتبة القاهرة الكبرى مكتبة القاهرة الكبرى 03/26/2014   938.05\ث ت 17127 03/26/2014 03/26/2014 كتاب

Powered By

EGPV